00450nam a2200181Ia 4500008004000000020001800040041000800058082001300066100002100079245003600100250000500136260006700141300001500208650001500223650001700238650000700255650000600262210210b2015 xxu||||| |||| 00| 0 eng d a9789339219871 aeng a576 ATLP aATLAS (Ronald M) aPrinciples of microbiology Ed 2 a aNew DelhibMcGraw Hill Education (India) Private Limitedc2015 axxix,,1298 aPrinciples amicrobiology aEd a2